书目信息 |
| 题名: |
中国共产党第十二次全国代表大会文件汇编
|
|
| 作者: | ||
| 分册: | ||
| 出版信息: | 北京 人民出版社 1982 |
|
| 页数: | 257页 | |
| 开本: | 21cm | |
| 丛书名: | ||
| 单 册: | ||
| 中图分类: | D220 | |
| 科图分类: | ||
| 主题词: | ||
| 电子资源: | ||
| ISBN: | ||
| 000 | 00637nam0 2200217 45 | |
| 001 | 0182008808 | |
| 005 | 20060815155206.09 | |
| 010 | @dCNY0.89 | |
| 091 | @a3001.1858 | |
| 100 | @a19950613d1982 em y0chiy0121 ea | |
| 101 | 0 | @achi |
| 102 | @aCN@b110000 | |
| 105 | @ay z 100yy | |
| 200 | 10 | @a中国共产党第十二次全国代表大会文件汇编@Azhong guo gong chan dang di shi er ci quan guo dai biao dahui wen jian hui bian |
| 210 | @a北京@c人民出版社@d1982 | |
| 215 | @a257页@d21cm | |
| 601 | 12 | @a中共十二大@x文件 |
| 690 | @aD220@v3 | |
| 801 | 0 | @aCN@b上海图书馆@c20060815 |
| 801 | 2 | @aCN@bNLC@c20060811 |
| 905 | @f2@b206817-818@dD220@e15:12 | |
| 中国共产党第十二次全国代表大会文件汇编.-北京:人民出版社,1982 |
| 257页;21cm |
| ISBN :CNY0.89 |
| ● |
| 相关链接 |
|
|
|
|
正题名:中国共产党第十二次全国代表大会文件汇编
索取号:D220/15:12
 
预约/预借
| 序号 | 登录号 | 条形码 | 馆藏地/架位号 | 状态 | 备注 |
| 1 | 0206817 | 001010890 | 第一借阅区/ [索取号:D220/15:12] | 在馆 | |
| 2 | 0206818 | 001010907 | 密集书库/ [索取号:D220/15:12] | 在馆 | |
| 3 | 0206819 | 001010916 | 第一样本阅览室/ [索取号:D220/15:12] | 在馆 | |
| 4 | 0424193 | 204241935 | 密集书库/ [索取号:D220/15:12] | 在馆 | |
| 5 | 0426247 | 204262476 | 密集书库/ [索取号:D220/15:12] | 在馆 | |
| 6 | 0448735 | 204487359 | 密集书库/ [索取号:D220/15:12] | 在馆 | |
| 7 | 0460344 | 204603447 | 密集书库/ [索取号:D220/15:12] | 在馆 | |
| 8 | 0460345 | 204603456 | 密集书库/ [索取号:D220/15:12] | 在馆 |